| 000 | 00691nam a22002297a 4500 | ||
|---|---|---|---|
| 005 | 20170124110042.0 | ||
| 010 | _aA-759044 | ||
| 020 | _c00.00 | ||
| 035 | _aA-759044 | ||
| 037 | _bCen Lib/Ret | ||
| 040 |
_aDPL _bEN |
||
| 082 |
_a791.437 _bFRA |
||
| 245 |
_aFrames of mind : _cedited by Aruna Vasudev _breflections on Indian cinema / |
||
| 260 |
_aNew Delhi _bUBSPD _c1995 |
||
| 270 |
_bNew Delhi _a5, Ansari Road, Darya Ganj _e110002 |
||
| 300 |
_axii,324p.: _c22cm(Hb) _bill. |
||
| 500 | _aIncludes index | ||
| 650 |
_aMotion picture industry _923817 |
||
| 650 |
_aMotion pictures _9109728 |
||
| 700 |
_a Vasudev, Aruna _923887 |
||
| 942 |
_2ddc _cEN _h791.437 _mFRA |
||
| 999 |
_c128603 _d128603 |
||